000
00342nam a2200133Ia 4500
008
240624s9999 xx 000 0 und d
041
_a
eng
082
_a
658.827 HAI
100
_a
HAIG MATT
245
_a
BRAND ROYALTY HOW THE WORLDS TOP 100 BRA
260
_c
2005
_a
New Delhi
_b
Kogan Page
300
_a
vi, : 314 : p. : cm. ; 22
365
_c
RS
999
_c
3077
_d
3077